<?xml version="1.0" encoding="UTF-8"?>
<marc:record xmlns:marc="http://www.loc.gov/MARC21/slim">
   <marc:leader>00000nam a2200000 a 4500</marc:leader>
   <marc:datafield ind1="1" ind2=" " tag="100">
      <marc:subfield code="a">Funke, Cornelia</marc:subfield>
      <marc:subfield code="4">aut</marc:subfield>
      <marc:subfield code="e">Verfasser/-in</marc:subfield>
   </marc:datafield>
   <marc:datafield ind1="0" ind2="0" tag="245">
      <marc:subfield code="a">Cornelia Funke erzählt von Bücherfressern, Dachbodengespenstern    und anderen Helden</marc:subfield>
   </marc:datafield>
   <marc:datafield ind1=" " ind2="1" tag="264">
      <marc:subfield code="b">Loewe</marc:subfield>
      <marc:subfield code="c">2004</marc:subfield>
   </marc:datafield>
   <marc:datafield ind1="1" ind2=" " tag="520">
      <marc:subfield code="a">Geschichten aus dem schaurig-schönen Reich der Phantasie. (ab 8) (JE) Der schönste Satz, die innigste Liebeserklärung dieser Geschichtensammlung lautet: "Zwischen den Büchern roch es nach Opa." Sten hat sich aus Opas Büchern eine richtige Bücherhöhle gebaut, hier trifft er ein munteres Pelzschwein, einen Bücherfresser, der aber jedes Wort, das er wegknabbert, behält und erzählen kann. Cornelia Funke entwirft eine Zauberwelt, in der italienische Wörter im Bauch kitzeln, kleine Buben und Mädchen mit einem Schulbuch im Bauch des schrecklichen Gagrobatz landen und mit List wieder entkommen, in der ganz, ganz verrückte Wünsche in Erfüllung gehen. Ein klarer Erzählstil begleitet die LeserInnen sicher durch diese Zauberwelt: Keine unnötigen Schnörkel und platten Formulierungen nutzen die Lesefreude der LeseanfängerInnen ab. Ein sehr empfehlenswertes Buch, zum Vorlesen und Selberlesen, zum Weiterphantasieren und Wegträumen. *bn* Christina Gastager-Repolust</marc:subfield>
   </marc:datafield>
   <marc:datafield ind1="3" ind2=" " tag="024">
      <marc:subfield code="a">9783785551790</marc:subfield>
   </marc:datafield>
</marc:record>
